| 000 | 03526nam0a22004931 4500 | ||
|---|---|---|---|
| 001 | rc\3061579 | ||
| 005 | 20260406161746.0 | ||
| 035 | _a(NLR Aleph) 007200239 | ||
| 090 |
_a7624370 _c7624370 |
||
| 100 | _a20111013d1796 |||y0rusy50 ca | ||
| 101 | 0 |
_arus _afre |
|
| 102 | _aRU | ||
| 135 | _acrcn 024anaba | ||
| 140 | _ay ga vkb yaa0000 | ||
| 200 | 1 |
_aL'art de l'escrime dans toute son etendue; _enouveau traité aves toutes les connaiffances qu'il faut pour bien manier l'épée _dИскусство фехтовать во всем его пространстве. Новое описание со всеми нужными познаниями, как хорошо владеть шпагою. _zrus _f[Б. Фишер] |
|
| 210 |
_a[Санкт-Петербург _cБ. и. _d1796] |
||
| 215 |
_a68 с., 16 л. ил. _cил. _d4° |
||
| 300 | _aТекст парал. на рус. и фр. яз. | ||
| 300 | _aВых. дан. установлены по Сопикову (№4670) | ||
| 300 | _aНа с.3-4 посвящ. авт. великому князю Павлу Петровичу с подписью: Б. Фишер, уроженец швейцарский | ||
| 316 |
_aЭкз. РНБ (18.114.2.9) в составном картон. пер., обтянутом лилово-серой бумагой, с коричневыми кожан. уголками и корешком. Корешок гладкий, с тиснением золотом (позолота частично утрачена). На корешке коричневая кожан. наклейка с вытисн. золотом загл.: "Описан[ие] искусст[ва] фехтов[ания]", суперэкслибрис И.П.Б. с буквами И.Б. и бумаж. наклейка с порядковым номером книги на полке: "9". На нижней крышке пер. экслибрис Рус. фонда ГПБ с шифром. Обрез крапчатый синий. На форзаце ярлык с шифром РНБ. На тит. л., с.68 и оборотах листов ил. круглый штамп ГПБ. На обороте тит. л. рукоп. помета библиогр. характера. Размер: 25,8х20,4х1,4 см _5NLR: 18.114.2.9 |
||
| 321 | 1 | _aСК XVIII 7796 | |
| 325 | _aКопия доступна в Электрон. б-ке РНБ | ||
| 510 | 1 |
_aИскусство фехтовать во всем его пространстве. _eНовое описание со всеми нужными познаниями, как хорошо владеть шпагою. _zrus |
|
| 620 | _dСанкт-Петербург | ||
| 700 | 1 |
_aФишер _bБ. _gБалтазар |
|
| 702 | 0 |
_4280 _8rus _7ca _aПавел _cимператор российский _dI _f1754-1801 _3RU\NLR\AUTH\778886 _9118767 |
|
| 801 | 0 |
_aRU _bNLR _gpsbo |
|
| 801 | 1 |
_aRU _bELAR _2rusmarc |
|
| 852 |
_aNLR _j18.114.2.9 |
||
| 899 | _aРГБ | ||
| 899 | _aБАН | ||
| 899 | _aМГУ | ||
| 899 | _aГПИБ | ||
| 942 | _cBOOK | ||
| 980 | _aNB | ||
| 980 | 3 | _akpcivil | |
| 980 | 3 | _akp2021 | |
| 980 | 3 | _akp | |
| 981 | 2 | 0 |
_a(20) Книжные памятники РНБ _b(20) Русский книжный фонд |